Statistics for Guess The Cities Around The World

Click here to take the quiz!

General Stats

  • This quiz has been taken 79 times
    (34 since last reset)
  • The average score is 88 of 116

Answer Stats

Hint Answer % Correct
USA, LLos Angeles
100%
Canada, TToronto
97%
Cuba, HHavana
97%
France, PParis
97%
USA, NNew York
97%
Canada, MMontreal
93%
Mexico, MMexico City
93%
Japan, TTokyo
93%
Italy, RRome
90%
Egypt, CCairo
90%
Chile, SSantiago
90%
Belgium, BBrussels
90%
Ireland, DDublin
90%
Italy, FFlorence
90%
UK, LLondon
90%
South Korea, SSeoul
90%
Germany, BBerlin
90%
Japan, OOsaka
90%
Australia, SSydney
90%
Finland, HHelsinki
86%
Russia, MMoscow
86%
Switzerland, ZZurich
86%
UAE, DDubai
86%
Russia, SSt. Petersburg
86%
Netherlands, AAmsterdam
86%
USA, CChicago
86%
Norway, OOslo
86%
USA, SSan Francisco
86%
Colombia, BBogota
86%
Spain, MMadrid
86%
Spain, BBarcelona
86%
Greece, AAthens
86%
Canada, VVancouver
86%
Turkey, IIstanbul
83%
Sweden, SStockholm
83%
Vietnam, HHanoi
83%
New Zealand, WWellington
83%
New Zealand, AAuckland
83%
Thailand, BBangkok
83%
Australia, MMelbourne
83%
China, BBeijing
83%
Singapore, SSingapore
83%
Australia, PPerth
83%
Israel, JJerusalem
83%
Portugal, LLisbon
83%
Poland, WWarsaw
83%
Brazil, BBrasilia
83%
UK, EEdinburgh
83%
Germany, HHamburg
83%
Germany, MMunich
83%
Austria, VVienna
83%
Argentina, BBuenos Aires
83%
Hungary, BBudapest
79%
Estonia, TTallinn
79%
China, SShanghai
79%
India, NNew Delhi
79%
Kenya, NNairobi
79%
South Africa, CCape Town
79%
Ukraine, KKiev
79%
Croatia, ZZagreb
79%
UK, GGlasgow
79%
Latvia, RRiga
79%
Tunisia, TTunis
79%
Afghanistan, KKabul
79%
Italy, NNaples
79%
Italy, MMilan
79%
Indonesia, JJakarta
76%
Iran, TTehran
76%
Nepal, KKathmandu
76%
Venezuela, CCaracas
76%
Philippines, MManila
76%
France, LLyon
76%
Iraq, BBaghdad
76%
Italy, VVenice
76%
Czech Republic, PPrague
76%
Belarus, MMinsk
76%
Romania, BBucharest
76%
North Korea, PPyongyang
76%
Brazil, RRio De Janeiro
72%
Serbia, BBelgrade
72%
Algeria, AAlgiers
72%
India, MMumbai
72%
Pakistan, IIslamabad
72%
Libya, TTripoli
72%
Nigeria, LLagos
72%
Mexico, CCancun
72%
Taiwan, TTaipei
72%
Bangladesh, DDhaka
69%
Malaysia, KKuala Lumpur
69%
Saudi Arabia, RRiyadh
69%
USA, SSeattle
66%
Australia, AAdelaide
66%
Vietnam, HHo Chi Minh City
66%
USA, LLas Vegas
66%
Sri Lanka, CColombo
66%
Oman, MMuscat
66%
New Zealand, CChristchurch
66%
Ethiopia, AAddis Ababa
66%
Australia, BBrisbane
62%
USA, SSan Diego
62%
Uzbekistan, TTashkent
62%
Papua New Guinea, PPort Moresby
62%
Australia, DDarwin
59%
China, HHong Kong
59%
Thailand, PPhuket
55%
Cambodia, PPhnom Penh
55%
Maldives, MMale
52%
Turkmenistan, AAshgabat
48%
Morocco, MMarrakesh
45%
India, CChennai
45%
Japan, SSapporo
41%
Greece, TThessaloniki
38%
Indonesia, DDenpasar
31%
Australia, CCairns
28%
Australia, GGold Coast
24%
China, LLhasa
24%

Score Distribution

Percentile by Number Answered

Percent of People with Each Score

Your Score History

You have not taken this quiz since the last reset